Profiles of people in power : (Record no. 613656)

000 -LEADER
fixed length control field 01149cam a2200325 a 4500
001 - CONTROL NUMBER
control field 13526719
005 - DATE AND TIME OF LATEST TRANSACTION
control field 20250505140042.0
008 - FIXED-LENGTH DATA ELEMENTS--GENERAL INFORMATION
fixed length control field 040317s2003 enkc 001 0ceng d
010 ## - LIBRARY OF CONGRESS CONTROL NUMBER
LC control number 2004297732
020 ## - INTERNATIONAL STANDARD BOOK NUMBER
International Standard Book Number 185743126X
035 ## - SYSTEM CONTROL NUMBER
System control number (OCoLC)ocm52634735
040 ## - CATALOGING SOURCE
Original cataloging agency CWR
Transcribing agency CWR
Modifying agency NDD
-- DLC
042 ## - AUTHENTICATION CODE
Authentication code lccopycat
050 00 - LIBRARY OF CONGRESS CALL NUMBER
Classification number JF251
Item number .E24 2003
082 00 - DEWEY DECIMAL CLASSIFICATION NUMBER
Classification number 920.0090511
Author Mark EAS
100 1# - MAIN ENTRY--PERSONAL NAME
Personal name East, Roger.
9 (RLIN) 128819
245 10 - TITLE STATEMENT
Title Profiles of people in power :
Remainder of title the world's government leaders /
Statement of responsibility, etc. Roger East and Richard J. Thomas.
250 ## - EDITION STATEMENT
Edition statement 1st ed.
260 ## - PUBLICATION, DISTRIBUTION, ETC.
Place of publication, distribution, etc. London ;
-- New York :
Name of publisher, distributor, etc. Europa,
Date of publication, distribution, etc. c2003.
300 ## - PHYSICAL DESCRIPTION
Extent xiv, 635 p. :
Other physical details ports. ;
Dimensions 24 cm.
500 ## - GENERAL NOTE
General note Includes indexes.
650 #0 - SUBJECT ADDED ENTRY--TOPICAL TERM
Topical term or geographic name entry element Heads of state
Form subdivision Biography.
9 (RLIN) 128820
650 #0 - SUBJECT ADDED ENTRY--TOPICAL TERM
Topical term or geographic name entry element Prime ministers
Form subdivision Biography.
9 (RLIN) 128821
650 #0 - SUBJECT ADDED ENTRY--TOPICAL TERM
Topical term or geographic name entry element World politics
Chronological subdivision 1989-
700 1# - ADDED ENTRY--PERSONAL NAME
Personal name Thomas, Richard,
Dates associated with a name 1977-
9 (RLIN) 128822
856 42 - ELECTRONIC LOCATION AND ACCESS
Materials specified Publisher description
Uniform Resource Identifier <a href="http://www.loc.gov/catdir/enhancements/fy0653/2004297732-d.html">http://www.loc.gov/catdir/enhancements/fy0653/2004297732-d.html</a>
906 ## - LOCAL DATA ELEMENT F, LDF (RLIN)
a 7
b cbc
c copycat
d 2
e ncip
f 20
g y-gencatlg
942 ## - ADDED ENTRY ELEMENTS (KOHA)
Source of classification or shelving scheme
Koha item type Book
Holdings
Withdrawn status Lost status Source of classification or shelving scheme Damaged status Not for loan Permanent Location Current Location Date acquired Source of acquisition Full call number Barcode Date last seen Price effective from Koha item type
          NUST Law School (NLS) NUST Law School (NLS) 05/05/2025 Donated by Vanguard Books Pvt Limited 920.0090511 EAS NLSD-14 05/05/2025 05/05/2025 Book
© 2023 Central Library, National University of Sciences and Technology. All Rights Reserved.